1739 1866 1018 1900 1510 1479 1710 1486 1095 1331 1169 1464 1574 1190 1391 1683 1995 1759 1529 1808 1901 1429 1316 1159 1081 1499 1800 1845 1650 1147 1643 1172 1379 1651 1590 1948 1746 1101 1292 1474 1752 1624 1935 1926 1502 1627 1904 1782 1732 1190 1891 1813 1514 1698 1175 1179 1144 1478 1271 1664 1477 1918 1090 1663 1132 1143 1991 1659 1871 1310 1529 1973 1292 1752 1854 1336 1707 1711 1954 1620 1225 1109 1719 1721 1125 1636 1521 1327 1057 1377 1495 1242 1968 2000 1326 1007 1381 1768 1885 BCNSPRNW ULIB Ver.6.0+V

เปลี่ยนเป็นภาษาไทย

Change to English
 แสดงรายละเอียดบรรณานุกรม
  กลับหน้าหลัก

Brief Record : Get Marc (ISO 2709) : E-mail record : QR code < ปิดหน้าต่าง
LEADER : 00000nam 2200000uu 4500
001    13399123858
003     ULIB
008    020711s2543 th a 000 0 tha d
020    9789990038149
020    9742932247
060    WY100^bท363ป
100    ทัศนา บุญทอง,^eบรรณาธิการ
245    ปฏิรูประบบบริการการพยาบาล/^cสภาการพยาบาล
250    พิมพ์ครั้งที่ 3
260    กรุงเทพฯ :^bสภาการพยาบาล,^c2543
300    84 หน้า;^b21 ซม.
650    การพยาบาล^xให้บริการ
650    สาธารณสุข
650    สุขภาพ
710    สภาการพยาบาล
945    ^p50^l0^i22401
945    ^p50^l0^i22402
945    ^p50^l0^i22403
945    ^p50^l0^i22404
945    ^p50^l0^i22405
945    ^p50^l0^i22406
945    ^p50^l0^i22407
945    ^p50^l0^i22408
945    ^p50^l0^i22409
945    ^p50^l0^i22410
รายการนี้ยังไม่มีแท็ก
คุณยังไม่ได้ล็อกอิน คุณสามารถมีกิจกรรมร่วมกับเว็บไซต์ได้ แต่ต้องล็อกอินก่อน ::
  ล็อกอิน

รายการสื่อสารสนเทศ

ลำดับที่ ประเภท เลขเรียก/บาร์โค้ด สถานที่ สถานะ
1. Book การพยาบาล
Book การพยาบาล
สถานะ=หนังสือเก่า
WY100 ท363ป ฉ.1 
  Barcode: 22401
ห้องสมุดวิทยาเขตนครสวรรค์
►ส่วนจัดเก็บหนังสือเก่า นว.
บนชั้น
  ขอยืม
2. Book การพยาบาล
Book การพยาบาล
สถานะ=หนังสือเก่า
WY100 ท363ป ฉ.10 
  Barcode: 22410
ห้องสมุดวิทยาเขตนครสวรรค์
►ส่วนจัดเก็บหนังสือเก่า นว.
บนชั้น
  ขอยืม
3. Book การพยาบาล
Book การพยาบาล
สถานะ=หนังสือเก่า
WY100 ท363ป ฉ.2 
  Barcode: 22402
ห้องสมุดวิทยาเขตนครสวรรค์
►ส่วนจัดเก็บหนังสือเก่า นว.
บนชั้น
  ขอยืม
4. Book การพยาบาล
Book การพยาบาล
สถานะ=หนังสือเก่า
WY100 ท363ป ฉ.3 
  Barcode: 22403
ห้องสมุดวิทยาเขตนครสวรรค์
►ส่วนจัดเก็บหนังสือเก่า นว.
บนชั้น
  ขอยืม
5. Book การพยาบาล
Book การพยาบาล
สถานะ=หนังสือเก่า
WY100 ท363ป ฉ.4 
  Barcode: 22404
ห้องสมุดวิทยาเขตนครสวรรค์
►ส่วนจัดเก็บหนังสือเก่า นว.
บนชั้น
  ขอยืม
6. Book การพยาบาล
Book การพยาบาล
สถานะ=หนังสือเก่า
WY100 ท363ป ฉ.5 
  Barcode: 22405
ห้องสมุดวิทยาเขตนครสวรรค์
►ส่วนจัดเก็บหนังสือเก่า นว.
บนชั้น
  ขอยืม
7. Book การพยาบาล
Book การพยาบาล
สถานะ=หนังสือเก่า
WY100 ท363ป ฉ.6 
  Barcode: 22406
ห้องสมุดวิทยาเขตนครสวรรค์
►ส่วนจัดเก็บหนังสือเก่า นว.
บนชั้น
  ขอยืม
8. Book การพยาบาล
Book การพยาบาล
สถานะ=หนังสือเก่า
WY100 ท363ป ฉ.7 
  Barcode: 22407
ห้องสมุดวิทยาเขตนครสวรรค์
►ส่วนจัดเก็บหนังสือเก่า นว.
บนชั้น
  ขอยืม
9. Book การพยาบาล
Book การพยาบาล
สถานะ=หนังสือเก่า
WY100 ท363ป ฉ.8 
  Barcode: 22408
ห้องสมุดวิทยาเขตนครสวรรค์
►ส่วนจัดเก็บหนังสือเก่า นว.
บนชั้น
  ขอยืม
10. Book การพยาบาล
Book การพยาบาล
สถานะ=หนังสือเก่า
WY100 ท363ป ฉ.9 
  Barcode: 22409
ห้องสมุดวิทยาเขตนครสวรรค์
►ส่วนจัดเก็บหนังสือเก่า นว.
บนชั้น
  ขอยืม

รายการใกล้เคียง
    หัวเรื่อง [สาธารณสุข]
    หัวเรื่อง [สุขภาพ]

BibComment


ยังไม่เคยถูกคอมเมนท์

คอมเมนท์ทรัพยากรรายการนี้
  คอมเมนท์: ปฏิรูประบบบริการก..


 Copyright 2026. Bcnsprnw @Library